Además De Mí REMIX - Rusherking, Tiago PZK, Khea, Lit Killah, Duki... - Estadísticas

Estadísticas generales
  • Esta prueba ha sido intentada 58 veces
  • La puntuación promedio es 538 de 637
Estadísticas de respuestas
Letra % Correcto
a
100%
A
100%
además
100%
de
100%
el
100%
él
100%
la
100%
La
100%
las
100%
Lo
100%
lo
100%
los
100%
ma
100%
más
100%
100%
mi
100%
Mi
100%
no
100%
No
100%
por
100%
que
100%
Que
100%
qué
100%
si
100%
sin
100%
Ah
93%
ah
93%
ahora
93%
al
93%
alguien
93%
Caminando
93%
cara
93%
como
93%
Cómo
93%
cómo
93%
con
93%
cora
93%
dejaste
93%
di
93%
era
93%
es
93%
hay
93%
me
93%
Me
93%
mentí
93%
mentir
93%
pa
93%
Pero
93%
pero
93%
quería
93%
se
93%
93%
siempre
93%
t
93%
te
93%
Te
93%
todo
93%
tu
93%
93%
93%
un
93%
vi
93%
y
93%
Y
93%
ya
93%
Ya
93%
yeah
93%
Yeah
93%
yo
93%
Yo
93%
4
87%
acá
87%
afuera
87%
am
87%
amo
87%
amor
87%
Baby
87%
baby
87%
causaste
87%
cielo
87%
corazón
87%
cuento
87%
culpa
87%
da
87%
descubrí
87%
dolor
87%
en
87%
entre
87%
está
87%
esto
87%
estoy
87%
Estoy
87%
final
87%
fui
87%
girl
87%
Girl
87%
infeliz
87%
infierno
87%
lluvia
87%
mentiste
87%
mintiéndome
87%
mojándome
87%
Mujer
87%
otro
87%
Quién
87%
quién
87%
sabía
87%
solo
87%
vez
87%
Abajo
80%
abrir
80%
amaba
80%
amabas
80%
así
80%
Así
80%
avenida
80%
best
80%
bitch
80%
casa
80%
color
80%
Éramos
80%
éramos
80%
estar
80%
este
80%
friend
80%
gris
80%
junto
80%
lastimar
80%
mami
80%
my
80%
olvida
80%
pasamos
80%
Pensé
80%
podemos
80%
quiero
80%
street
80%
supreme
80%
ti
80%
última
80%
vuelva
80%
vuelvas
80%
Brillamos
73%
convencí
73%
esperaba
73%
lastimé
73%
mentira
73%
miente
73%
obligué
73%
Oh
73%
pasó
73%
sentir
73%
sigo
73%
sigues
73%
soy
73%
sufrir
73%
tenía
73%
tonto
73%
único
73%
ver
73%
vida
73%
algo
67%
Contando
67%
contando
67%
del
67%
Dímelo
67%
eras
67%
estúpido
67%
fuck
67%
Fuck
67%
fue
67%
había
67%
hacés
67%
hiciste
67%
intentaste
67%
ir
67%
love
67%
mala
67%
morir
67%
nada
67%
nosotros
67%
nuestro
67%
papel
67%
pienso
67%
querés
67%
quieres
67%
serio
67%
tomaste
67%
tragos
67%
vos
67%
aquí
60%
borde
60%
cambiaste
60%
Creyendo
60%
desamor
60%
estaba
60%
Ey
60%
fallaste
60%
hice
60%
malo
60%
Menos
60%
noche
60%
partir
60%
partirme
60%
pudiste
60%
razón
60%
sacaste
60%
Sueño
60%
vacío
60%
verte
60%
Cada
53%
cada
53%
caer
53%
canciones
53%
cupido
53%
don
53%
Eh
53%
eh
53%
enloquecer
53%
error
53%
fingir
53%
ganas
53%
marcas
53%
Miles
53%
noches
53%
nombre
53%
preguntaba
53%
puedo
53%
punto
53%
queriendo
53%
Rompecorazones
53%
salió
53%
sanar
53%
besaba
47%
call
47%
dejé
47%
dónde
47%
duko
47%
llora
47%
Llorando
47%
mañana
47%
matando
47%
millones
47%
ocultarlo
47%
otra
47%
pensando
47%
pidiendo
47%
Preguntándome
47%
Quizás
47%
seguir
47%
Siento
47%
son
47%
Voy
47%
anoche
40%
enamorada
40%
estabas
40%
gano
40%
hitón
40%
lonely
40%
mientas
40%
necklace
40%
Sola
40%
Anestesiado
33%
duele
33%
espina
33%
importó
33%
perdió
33%
Recordé
33%
sacándome
33%
shorty
33%
siente
33%
sorry
33%
Diciendo
27%
is
27%
remix
27%
the
27%
this
27%
ausencia
20%
Sufre
20%
know
13%
uoh
13%
You
13%
No se encontraron pruebas coincidentes
Distribución de puntuación
Porcentaje de gente con cada puntuación
Porcentaje por número respondido
Historial de tus puntuaciones
No has intentado esta prueba.